|
|
|
|
| LEADER |
00000nam a2200000 a 4500 |
| 001 |
vtls008158782 |
| 003 |
SK-MaSNL |
| 005 |
20260224030327.0 |
| 008 |
050607 000 0 eng |
| 040 |
|
|
|a SNK
|b slo
|c SNK
|e AACR2
|
| 245 |
1 |
|
|a Inauguratio Viri Summe Reverendi Danielis Crudi Posoniensis Verbi Divini Ministri et Senioris, ....
|
| 260 |
|
|
|a Posonii
|b Sumtibus & Typis Simonis Petri Weber
|c 1802
|
| 300 |
|
|
|a 47 s.
|
| 999 |
|
|
|c 819939
|d 821869
|
| 952 |
|
|
|a SNK
|b SNK
|y PREZ
|7 0
|p 17A0469724
|o snkSD 20449 D1
|i snkF 1128/69
|8 5
|3 rekatalogizácia
|0 0
|1 0
|4 0
|d 2005-06-07
|l 0
|r 2026-02-24 03:03:27
|w 2026-02-24
|
| 952 |
|
|
|a SNK
|b SNK
|y PREZ
|7 0
|p 17A0473063
|o snkSD 20449 D2
|i snk2612/29
|0 0
|1 0
|4 0
|d 2005-06-07
|l 0
|r 2026-02-24 03:03:27
|w 2026-02-24
|
| 952 |
|
|
|a SNK
|b SNK
|y PREZ
|7 0
|p 17A0708953
|o snkSD 20449
|i snkI. 979/48
|0 0
|1 0
|4 0
|d 2011-07-26
|l 0
|r 2025-12-03 00:00:00
|w 2026-02-24
|